Kryštálová, elektrónová štruktúra a charakterizácia niektorých derivátov chinolizidínu

Na minha lista:
Detalhes bibliográficos
Autor principal: Sekerková, Lucia (Author)
Outros Autores: Vrábel, Viktor (Thesis advisor)
Formato: Manuscrito Livro
Idioma:eslovaco
Publicado em: 2016
Assuntos:
Acesso em linha:http://is.stuba.sk/zp/portal_zp.pl?podrobnosti=131843
Tags: Adicionar Tag
Sem tags, seja o primeiro a adicionar uma tag!

MARC

LEADER 00000ntm a22000003a 4500
001 stuzp58195
003 SK-STU
005 20160719155508.3
007 ta
008 150427s2015----xo-----f-mn---000-0-slo-d
040 |a STU  |b slo 
041 0 |a slo 
100 1 |a Sekerková, Lucia  |u 041000  |4 aut  |U FCHPT Fakulta chemickej a potravinárskej technológie  |T FCHPT Ústav analytickej chémie  |X 43585  |U C1000  |Y 99  |7 43585 
242 0 1 |a Crystal, electron structure and characterization of some derivatives of Quinolizin  |y eng 
245 1 0 |a Kryštálová, elektrónová štruktúra a charakterizácia niektorých derivátov chinolizidínu 
260 |c 2016 
650 4 |a röntgenoštruktúrna analýza  |2 slo 
650 4 |a kryštálová a elektrónová štruktúra  |2 slo 
650 4 |a chirálne zlúčeniny  |2 slo 
650 4 |a chinolizidínové deriváty  |2 slo 
650 4 |a biologická aktivita  |2 slo 
650 4 |a vodíkové a pi-väzby  |2 slo 
650 4 |a chiral compounds  |2 eng 
650 4 |a X-ray structural analysis  |2 eng 
650 4 |a crystal and electronic structure  |2 eng 
650 4 |a quinolizidine derivatives  |2 eng 
650 4 |a biological activity  |2 eng 
650 4 |a hydrogen and pi-bonds  |2 eng 
700 1 |a Vrábel, Viktor  |u 041000  |k Z1  |4 ths  |U FCHPT Fakulta chemickej a potravinárskej technológie  |T FCHPT Ústav analytickej chémie  |X 3268  |U C1000  |Y 99  |7 A000003268 
856 4 |u http://is.stuba.sk/zp/portal_zp.pl?podrobnosti=131843 
SQL |a stuzp58195  |b DDP  |c SLO  |d Kryštálová, elektrónová štruktúra a charakterizácia niektorých derivátov chinolizidínu  |e 43585  |f Sekerková, Lucia  |g 041000  |h 3268  |i Vrábel, Viktor  |j 20160606  |k 1400  |l 04  |m http://is.stuba.sk/zp/portal_zp.pl?podrobnosti=131843  |n I-TCHEM  |o 4.1.14. chémia, 5.2.18. chemické technológie